Akhbar-Ul-Akhtar (Record no. 8566)

MARC details
000 -LEADER
fixed length control field 00575nam a2200241 a 4500
020 ## - INTERNATIONAL STANDARD BOOK NUMBER
ISBN
082 00 - DEWEY DECIMAL CLASSIFICATION NUMBER
Classification number 297.4
Author Cutter ABD5
100 ## - MAIN ENTRY--AUTHOR NAME
Author name Abdul Haq, Abu Amajad
245 ## - TITLE STATEMENT
Title Akhbar-Ul-Akhtar
260 ## - PUBLICATION, DISTRIBUTION, ETC. (IMPRINT)
Place of publication Deoband
Name of publisher Maktaba Danish
Year of publication 0000
300 ## - PHYSICAL DESCRIPTION
Number of Pages 128p
500 ## - GENERAL NOTE
General note includes index and biblioraphy
505 2# - FORMATTED CONTENTS NOTE
Formatted contents note index
650 ## - SUBJECT ADDED ENTRY--TOPICAL TERM
Topical Term Sufism-Hagiography
942 ## - ADDED ENTRY ELEMENTS (KOHA)
Koha item type Books
700 1# -
-- Abdul Haq, Abu Amajad
Holdings
Collection code Home library Current library Date acquired Cost, normal purchase price Full call number Accession Number Koha item type
  Henry Martyn Institute Library Henry Martyn Institute Library 07/31/2007 100.00 297.4 ABD5 013706 Books
                   Copyright © 2026 | Henry Martyn Institute | Hyderabad | TS-500052 | INDIA | Implemented by hmi.edu.in
Hit-Count:

Powered by Koha